New Perspectives for Intercultural Dialogue and an Alternative Economic Order (Record no. 226009)
[ view plain ]
| 000 -LEADER | |
|---|---|
| fixed length control field | 01866nam a22002297a 4500 |
| 005 - DATE AND TIME OF LATEST TRANSACTION | |
| control field | 20221221144458.0 |
| 008 - FIXED-LENGTH DATA ELEMENTS--GENERAL INFORMATION | |
| fixed length control field | 221221b ||||| |||| 00| 0 eng d |
| 020 ## - INTERNATIONAL STANDARD BOOK NUMBER | |
| International Standard Book Number | 0932863310 |
| 040 ## - CATALOGING SOURCE | |
| Transcribing agency | AL |
| 041 ## - LANGUAGE CODE | |
| Language code of text/sound track or separate title | English |
| 082 ## - DEWEY DECIMAL CLASSIFICATION NUMBER | |
| Edition number | 23 |
| Classification number | 320.15 |
| Item number | KIYN |
| 100 ## - MAIN ENTRY--PERSONAL NAME | |
| Personal name | Yussuf Kly |
| 100 ## - MAIN ENTRY--PERSONAL NAME | |
| 9 (RLIN) | 67279 |
| 245 ## - TITLE STATEMENT | |
| Title | New Perspectives for Intercultural Dialogue and an Alternative Economic Order |
| 260 ## - PUBLICATION, DISTRIBUTION, ETC. | |
| Place of publication, distribution, etc. | Atlanta |
| Name of publisher, distributor, etc. | Clarity Press Inc |
| Date of publication, distribution, etc. | 1999 |
| 300 ## - PHYSICAL DESCRIPTION | |
| Extent | 116 p. |
| Other physical details | PB |
| Dimensions | 23x15 cm. |
| 520 ## - SUMMARY, ETC. | |
| Summary, etc. | As transnational corporations and western governments entrench their policies and priorities worldwide and the statistics on the global havoc this creates continue to pour in, the search for alternative modes of human-centered and sustainable development takes on even greater urgency.New Perspectives for Intercultural Dialogue and an Alternative Economic Order represents a response by scholars and thinkers from the Philippines, Libya, India, Korea and Japan to the pressing issues of cultural domination, reflecting the need for intercultural dialogue and the development of alternatives to the existing world order.This collection of articles is the fruit of two international roundtables organized by the Jamahir Society for Culture & Philosophy, an international non-governmental organization headquartered in Vienna The first, held in Tripoli, Libya, addressed the question: Is an Alternative Economic Order Possible? The second held in Quezon City, the Philippines, discussed Cultural Imperialism and the People's Response in the Asia-Pacific. The conferences sought to provide the widest range of free expression possible to thinkers committed to alternative development. |
| 650 ## - SUBJECT ADDED ENTRY--TOPICAL TERM | |
| Topical term or geographic name entry element | Cultural relations |
| 9 (RLIN) | 67280 |
| 650 ## - SUBJECT ADDED ENTRY--TOPICAL TERM | |
| Topical term or geographic name entry element | International relations |
| 9 (RLIN) | 67281 |
| 650 ## - SUBJECT ADDED ENTRY--TOPICAL TERM | |
| Topical term or geographic name entry element | International economic relations |
| 9 (RLIN) | 67282 |
| 700 ## - ADDED ENTRY--PERSONAL NAME | |
| Personal name | KLY (Yussuf) Ed |
| 9 (RLIN) | 67283 |
| 942 ## - ADDED ENTRY ELEMENTS (KOHA) | |
| Source of classification or shelving scheme | Dewey Decimal Classification |
| Koha item type | Donated Books |
| Withdrawn status | Lost status | Source of classification or shelving scheme | Damaged status | Not for loan | Collection code | Home library | Current library | Date acquired | Total Checkouts | Full call number | Barcode | Date last seen | Price effective from | Koha item type | Public note |
|---|---|---|---|---|---|---|---|---|---|---|---|---|---|---|---|
| Dewey Decimal Classification | Political Science | St Aloysius Library | St Aloysius Library | 12/03/2014 | 320.15 KIYN | D05428 | 12/21/2022 | 12/21/2022 | Donated Books | Donated by V. T. Rajshekar |